Mäkké faktory v projektovom manažmente podnikov

Charakteristika projektového manažmentu. Soft faktory v projektovom manažmente. Soft faktor učenia a kreativita. Kritériá kreativity.

Guardado en:
Detalles Bibliográficos
Autor principal: Majtán, Miroslav
Formato: Capítulo de libro
Lenguaje:eslovaco
Materias:
Etiquetas: Agregar Etiqueta
Sin Etiquetas, Sea el primero en etiquetar este registro!

MARC

LEADER 00000naa$a2200000$$$4500
001 0197151
005 20240502073328.2
041 0 |a slo 
044 |a SK 
245 1 0 |a Mäkké faktory v projektovom manažmente podnikov  |c Miroslav Majtán 
520 |a Charakteristika projektového manažmentu. Soft faktory v projektovom manažmente. Soft faktor učenia a kreativita. Kritériá kreativity. 
610 2 0 |a manažment 
610 2 0 |a projekty 
610 2 0 |a vedomosti 
610 2 0 |a vzdelávanie 
610 2 0 |a kreativita 
100 1 |a Majtán, Miroslav